[Event "NAYCC U18"]
[Site "Kingston CAN"]
[Date "2019.08.20"]
[Round "9.193"]
[White "Eidelman, Gabriel"]
[Black "Zhou, Joey"]
[Result "1-0"]
[WhiteElo "2133"]
[BlackElo "1586"]
[PlyCount "75"]
[EventDate "2019.08.16"]
[EventType "swiss"]
[EventRounds "9"]
[EventCountry "CAN"]

1. e4 e5 2. Nf3 Nc6 3. Bb5 a6 4. Ba4 Nf6 5. Qe2 Be7 6. c3 d6 7. O-O O-O 8. Rd1
b5 9. Bc2 d5 10. d3 d4 11. Nbd2 dxc3 12. bxc3 Re8 13. Nf1 Bf8 14. Ng3 g6 15. h3
Qe7 16. a3 Bb7 17. Bb3 h6 18. Nh4 Kh7 19. Qa2 Nd8 20. Nf3 c5 21. Re1 Rc8 22.
Bd5 Nxd5 23. exd5 f6 24. Ne4 Bg7 25. c4 f5 26. Ng3 Nf7 27. Bb2 Qd6 28. Re2 bxc4
29. dxc4 e4 30. Rae1 Ne5 31. Nxe5 Bxe5 32. Bxe5 Qxe5 33. Qb1 Re7 34. Nxe4 fxe4
35. Rxe4 Qxe4 36. Rxe4 Rce8 37. Rxe7+ Rxe7 38. Qb6 1-0

[Event "NAYCC U18"]
[Site "Kingston CAN"]
[Date "2019.08.20"]
[Round "9.194"]
[White "Beardall, Ben"]
[Black "Wang, George"]
[Result "0-1"]
[WhiteElo "918"]
[BlackElo "1887"]
[PlyCount "87"]
[EventDate "2019.08.16"]
[EventType "swiss"]
[EventRounds "9"]
[EventCountry "CAN"]

1. e4 c5 2. Nf3 e6 3. d4 cxd4 4. Nxd4 a6 5. Bd3 Nc6 6. Be3 Nf6 7. Nxc6 dxc6 8.
O-O e5 9. Nc3 Ng4 10. Be2 Qh4 11. Bxg4 Bxg4 12. f3 Be6 13. Rf2 Bb4 14. Qe1 O-O
15. a3 Be7 16. Rd2 Qh5 17. Rad1 f5 18. exf5 Bxf5 19. g4 Qg6 20. h4 h5 21. Rg2
Be6 22. gxh5 Qxh5 23. Qg3 Rf7 24. Qg6 Qxg6 25. Rxg6 Bf5 26. Rg2 Bxh4 27. Rgd2
Be7 28. Na4 Be6 29. Bc5 Bxc5+ 30. Nxc5 Bd5 31. Nd3 Bxf3 32. Nxe5 Bxd1 33. Nxf7
Bxc2 34. Rd8+ Rxd8 35. Nxd8 b6 36. Nxc6 Be4 37. Ne5 b5 38. Kf2 Bb7 39. Ke3 Kf8
40. Kd4 Ke7 41. Kc5 Ke6 42. Ng4 Kf5 43. Kb6 Kxg4 44. Kxb7 0-1

[Event "NAYCC U18 w"]
[Site "Kingston CAN"]
[Date "2019.08.16"]
[Round "1.193"]
[White "Demchenko, Svitlana"]
[Black "Deng, Queena"]
[Result "0-1"]
[WhiteElo "2045"]
[BlackElo "1822"]
[PlyCount "70"]
[EventDate "2019.08.16"]
[EventType "swiss"]
[EventRounds "9"]
[EventCountry "CAN"]

1. e4 e6 2. d4 d5 3. Nd2 a6 4. Ngf3 c5 5. exd5 exd5 6. dxc5 Bxc5 7. Bd3 Nf6 8.
O-O O-O 9. Nb3 Bb6 10. h3 Qd6 11. c3 Nc6 12. Re1 Bxh3 13. gxh3 Qg3+ 14. Kh1
Bxf2 15. Rf1 Qxh3+ 16. Nh2 Bg3 17. Qe2 Ng4 18. Bf5 Qxh2+ 19. Qxh2 Nxh2 20. Rd1
Rfe8 21. Rxd5 Ne7 22. Bxh7+ Kxh7 23. Rh5+ Kg8 24. Kg2 Bd6 25. Nd4 Ng6 26. Bd2
Re4 27. Rxh2 Bxh2 28. Kxh2 Rae8 29. Kg3 Ne5 30. b3 g6 31. Rd1 Rg4+ 32. Kf2 Kg7
33. Nc2 Rh8 34. Ne3 Rh2+ 35. Kf1 Rf4+ 0-1

[Event "NAYCC U18 w"]
[Site "Kingston CAN"]
[Date "2019.08.16"]
[Round "1.194"]
[White "Qiao, Cindy"]
[Black "Ehsani, Yassamin"]
[Result "0-1"]
[WhiteElo "1822"]
[BlackElo "1948"]
[PlyCount "100"]
[EventDate "2019.08.16"]
[EventType "swiss"]
[EventRounds "9"]
[EventCountry "CAN"]

1. e4 c5 2. Nf3 e6 3. d3 d5 4. Nbd2 Nc6 5. g3 Nf6 6. Bg2 g6 7. O-O Bg7 8. Re1
O-O 9. c3 a5 10. a4 b6 11. exd5 exd5 12. Nb1 Ba6 13. d4 Ne4 14. Be3 Rc8 15. Na3
Re8 16. Bf1 Bxf1 17. Kxf1 c4 18. Nb5 Qd7 19. Kg2 Na7 20. Nxa7 Qxa7 21. Nd2 Nxd2
22. Qxd2 Qd7 23. Qc2 Bf8 24. f3 b5 25. axb5 Qxb5 26. Bf2 Bd6 27. Rxe8+ Rxe8 28.
Qd2 Rb8 29. Ra2 Bc7 30. Qc1 Qb3 31. Qa1 Re8 32. Ra3 Qc2 33. Ra2 Re2 34. Qf1 Kg7
35. Kg1 a4 36. Ra3 Bd6 37. Ra1 Qxb2 38. Rxa4 Rc2 39. Ra5 Qxc3 40. Rxd5 Rc1 41.
Rxd6 Rxf1+ 42. Kxf1 Qd3+ 43. Kg2 c3 44. Rc6 c2 45. d5 Qd2 46. d6 c1=Q 47. Rxc1
Qxc1 48. Bd4+ f6 49. Bb6 Qb2+ 50. Bf2 Qd2 0-1

[Event "NAYCC U18 w"]
[Site "Kingston CAN"]
[Date "2019.08.16"]
[Round "1.195"]
[White "Chen, Minda"]
[Black "Hunt, Fikirte"]
[Result "1-0"]
[WhiteElo "1944"]
[BlackElo "1802"]
[PlyCount "75"]
[EventDate "2019.08.16"]
[EventType "swiss"]
[EventRounds "9"]
[EventCountry "CAN"]

1. d4 Nf6 2. c4 g6 3. Nc3 d5 4. cxd5 Nxd5 5. e4 Nxc3 6. bxc3 Bg7 7. Be3 c5 8.
Qd2 Qa5 9. Rc1 cxd4 10. Bxd4 e5 11. Be3 O-O 12. Bc4 Rd8 13. Qb2 Nc6 14. Nf3 h6
15. O-O Qc7 16. Qe2 a6 17. Rb1 b5 18. Bd5 Bb7 19. a4 Ne7 20. Bxb7 Qxb7 21. axb5
Qxe4 22. Rb4 Qb7 23. c4 Nc6 24. Rb3 Rac8 25. Qa2 axb5 26. cxb5 Nd4 27. Nxd4
exd4 28. Bf4 g5 29. Bg3 d3 30. Rbb1 d2 31. b6 Qxb6 32. Rxb6 d1=Q 33. Rb1 Qd3
34. Qa4 Rc2 35. Qb4 Bc3 36. Qb6 Bb2 37. Qxh6 Bc1 38. Rbxc1 1-0

[Event "NAYCC U18 w"]
[Site "Kingston CAN"]
[Date "2019.08.16"]
[Round "1.196"]
[White "Lopez, Anastacia"]
[Black "Chatterjee, Trina"]
[Result "1/2-1/2"]
[WhiteElo "1792"]
[BlackElo "1930"]
[PlyCount "56"]
[EventDate "2019.08.16"]
[EventType "swiss"]
[EventRounds "9"]
[EventCountry "CAN"]

1. d4 d5 2. Nf3 Nf6 3. Bg5 c6 4. c3 Nbd7 5. e3 g6 6. Bd3 Bg7 7. Nbd2 O-O 8. O-O
Re8 9. e4 dxe4 10. Nxe4 Nxe4 11. Bxe4 Qb6 12. Qc2 e5 13. Nxe5 Nxe5 14. dxe5
Bxe5 15. Rfe1 Qc7 16. g3 Be6 17. Re2 Bd6 18. Rae1 Be7 19. Bf4 Bd6 20. Bh6 Bf8
21. Bf4 Bd6 22. Bh6 Bf8 23. Bf4 Qa5 24. b3 Red8 25. h4 Rd7 26. b4 Qb6 27. Be3
Qc7 28. Bg5 Bd6 1/2-1/2

[Event "NAYCC U18 w"]
[Site "Kingston CAN"]
[Date "2019.08.16"]
[Round "1.197"]
[White "Liu, Kimberly"]
[Black "Cao, Lucy"]
[Result "1-0"]
[WhiteElo "1903"]
[BlackElo "1704"]
[PlyCount "77"]
[EventDate "2019.08.16"]
[EventType "swiss"]
[EventRounds "9"]
[EventCountry "CAN"]

1. e4 c5 2. c3 d5 3. exd5 Qxd5 4. d4 Nc6 5. Nf3 Bg4 6. Be2 cxd4 7. cxd4 Rd8 8.
Nc3 Qa5 9. Be3 Nf6 10. Qb3 Qb4 11. Qxb4 Nxb4 12. O-O a6 13. h3 Bf5 14. g4 Bc8
15. Ne5 h5 16. Rac1 hxg4 17. hxg4 Nd7 18. Nc4 b5 19. Na5 Nb6 20. a3 N4d5 21.
Nxd5 Nxd5 22. Bf3 e6 23. Rfe1 Nxe3 24. Rxe3 Bd6 25. Nc6 Rd7 26. Ne5 Rd8 27.
Bc6+ Kf8 28. Rf3 Bxe5 29. dxe5 g6 30. Be4 Kg7 31. Rc7 Rd1+ 32. Kg2 Bd7 33. Rd3
Re1 34. Rdxd7 Rxe4 35. Rxf7+ Kh6 36. f4 Re2+ 37. Kf3 Rxb2 38. g5+ Kh5 39. Rh7+
1-0

[Event "NAYCC U18 w"]
[Site "Kingston CAN"]
[Date "2019.08.16"]
[Round "1.198"]
[White "Peng, Sarah"]
[Black "Jie, Cindy"]
[Result "1-0"]
[WhiteElo "1690"]
[BlackElo "1902"]
[PlyCount "85"]
[EventDate "2019.08.16"]
[EventType "swiss"]
[EventRounds "9"]
[EventCountry "CAN"]

1. e4 e5 2. Nf3 Nc6 3. Bc4 Be7 4. d3 Nf6 5. c3 O-O 6. Nbd2 d6 7. Nf1 Na5 8. Bb5
a6 9. Ba4 b5 10. Bc2 Bg4 11. h3 Bxf3 12. Qxf3 Re8 13. Ng3 Nd7 14. b4 Nb7 15.
Bb3 Bf6 16. O-O Nf8 17. Nf5 Ne6 18. Bd5 Rb8 19. Qg4 Kh8 20. Bd2 Qd7 21. Ng3 c6
22. Bb3 Rbd8 23. Nh5 Nf8 24. Nxf6 gxf6 25. Qh5 Ne6 26. f4 Ng7 27. Qh4 d5 28.
fxe5 Rxe5 29. Rxf6 Qe7 30. Qf2 Nd6 31. Bc2 dxe4 32. dxe4 Nxe4 33. Bxe4 Rxe4 34.
Rxf7 Qe6 35. Rf1 Rg8 36. Rf8 Qxa2 37. Qf6 Rxf8 38. Qxf8+ Qg8 39. Bh6 Ne6 40.
Qf6+ Ng7 41. Bxg7+ Qxg7 42. Qd8+ Qg8 43. Rf8 1-0

[Event "NAYCC U18 w"]
[Site "Kingston CAN"]
[Date "2019.08.16"]
[Round "1.199"]
[White "Chin, Angelica"]
[Black "Karelina, Polina"]
[Result "1-0"]
[WhiteElo "1893"]
[BlackElo "1689"]
[PlyCount "115"]
[EventDate "2019.08.16"]
[EventType "swiss"]
[EventRounds "9"]
[EventCountry "CAN"]

1. e4 d6 2. d4 Nf6 3. Nc3 c6 4. f4 Qa5 5. Bd3 e5 6. Nf3 exd4 7. Nxd4 g6 8. O-O
Bg7 9. h3 O-O 10. Be3 Nbd7 11. a3 Qc7 12. Qf3 a6 13. Nde2 c5 14. Bc4 Nb6 15.
Ba2 Be6 16. g4 Bxa2 17. Rxa2 Nc4 18. Bc1 b5 19. Qd3 Rfe8 20. Ng3 Nb6 21. g5 c4
22. Qf3 Nfd7 23. Ra1 Nc5 24. f5 Nca4 25. f6 Nxc3 26. fxg7 Nca4 27. b3 Nc5 28.
Bb2 Ne6 29. h4 Rac8 30. Nh1 Nxg7 31. Qc3 Qc5+ 32. Nf2 Qe5 33. Qxe5 dxe5 34. Ng4
c3 35. Bc1 Re7 36. Nf6+ Kh8 37. Be3 Nd7 38. Nd5 Ree8 39. Rxf7 Red8 40. Raf1 Nh5
41. Ne7 Ra8 42. Nc6 Ng3 43. R1f3 Nxe4 44. Nxd8 Rxd8 45. Re7 Nd6 46. Re6 Nf5 47.
Rxa6 Nxh4 48. Rh3 Nf5 49. Bf2 Kg8 50. Rxc3 Nd4 51. Bxd4 exd4 52. Rh3 Rc8 53.
Rd6 Ne5 54. Rd5 Nf7 55. Rh2 Rc3 56. Rxb5 d3 57. cxd3 Rxd3 58. Rb8+ 1-0

[Event "NAYCC U18 w"]
[Site "Kingston CAN"]
[Date "2019.08.16"]
[Round "2.196"]
[White "Ehsani, Yassamin"]
[Black "Peng, Sarah"]
[Result "1-0"]
[WhiteElo "1948"]
[BlackElo "1690"]
[PlyCount "159"]
[EventDate "2019.08.16"]
[EventType "swiss"]
[EventRounds "9"]
[EventCountry "CAN"]

1. d4 d5 2. c4 c6 3. Nc3 Nf6 4. e3 e6 5. Nf3 Bd6 6. Qc2 Nbd7 7. Bd3 Qe7 8. O-O
O-O 9. h3 h6 10. Rd1 Re8 11. e4 e5 12. cxd5 cxd5 13. Re1 exd4 14. Nxd5 Nxd5 15.
exd5 Qd8 16. Bd2 Nf6 17. Qc4 Rf8 18. Qxd4 Nxd5 19. Bc4 Nb6 20. Bc3 Qf6 21. Qxf6
gxf6 22. Bb3 Kg7 23. Rad1 Bc5 24. Nd2 Bd6 25. Nf1 Bc5 26. Ng3 Nd7 27. Nf5+ Kh7
28. Bc2 Nb6 29. Bxf6 Kg6 30. Be7 Bxf5 31. Bxf5+ Kxf5 32. Bxc5 Rfc8 33. Bd4 Rc2
34. Rc1 Rd2 35. Bc3 Rd7 36. Re5+ Kg6 37. Re3 f6 38. Rce1 Nd5 39. Rg3+ Kf7 40.
Bd2 Ne7 41. Bf4 Nf5 42. Rc3 Kg6 43. Kh2 h5 44. Rec1 Nd4 45. Rc7 Rxc7 46. Bxc7
Re8 47. Rd1 Nc6 48. Bf4 Re4 49. Be3 Re7 50. Rd3 a6 51. a3 Ne5 52. Rc3 b5 53.
Bd4 Nc4 54. b3 Re4 55. bxc4 Rxd4 56. cxb5 axb5 57. Rb3 Rd5 58. Kg3 Rg5+ 59. Kf3
Rf5+ 60. Ke3 Rg5 61. g3 Re5+ 62. Kd3 Rf5 63. Ke3 Re5+ 64. Kd4 Rf5 65. f3 Kg5
66. Re3 Kg6 67. h4 Kh6 68. f4 Kg6 69. Re7 Kh6 70. Rc7 Kg6 71. Rc5 Rxc5 72. Kxc5
Kf5 73. Kxb5 Kg4 74. a4 Kxg3 75. a5 Kxh4 76. a6 Kg4 77. a7 Kxf4 78. a8=Q h4 79.
Qg2 f5 80. Kc4 1-0

[Event "NAYCC U18 w"]
[Site "Kingston CAN"]
[Date "2019.08.16"]
[Round "2.197"]
[White "Deng, Queena"]
[Black "Chen, Minda"]
[Result "1-0"]
[WhiteElo "1822"]
[BlackElo "1944"]
[PlyCount "85"]
[EventDate "2019.08.16"]
[EventType "swiss"]
[EventRounds "9"]
[EventCountry "CAN"]

1. d4 Nf6 2. Nf3 e6 3. Bf4 d5 4. e3 Bd6 5. Ne5 O-O 6. Bd3 c5 7. c3 Qc7 8. Qf3
Nc6 9. Qg3 cxd4 10. exd4 Ne4 11. Bxe4 dxe4 12. Nd3 Bxf4 13. Qxf4 Qxf4 14. Nxf4
e5 15. dxe5 Nxe5 16. O-O Rd8 17. Na3 b6 18. Rfe1 f5 19. Nb5 Bb7 20. Rad1 Bc6
21. Nc7 Rac8 22. Nce6 Re8 23. Re2 Nd3 24. Red2 Nxf4 25. Nxf4 Kf7 26. Rd6 g6 27.
h4 Re7 28. h5 Ba4 29. b3 Be8 30. hxg6+ hxg6 31. Rxg6 Rxc3 32. Rdd6 Kf8 33. Ne6+
Kf7 34. Ng5+ Kf8 35. Rdf6+ Bf7 36. Rxf5 Rc1+ 37. Kh2 Rc2 38. Rgf6 Rc5 39. Rxc5
bxc5 40. Rxf7+ Rxf7 41. Nxf7 Kxf7 42. Kg3 Ke6 43. Kf4 1-0

[Event "NAYCC U18 w"]
[Site "Kingston CAN"]
[Date "2019.08.16"]
[Round "2.198"]
[White "Ravishankar, Ramitha"]
[Black "Liu, Kimberly"]
[Result "1-0"]
[WhiteElo "1480"]
[BlackElo "1903"]
[PlyCount "57"]
[EventDate "2019.08.16"]
[EventType "swiss"]
[EventRounds "9"]
[EventCountry "CAN"]

1. e4 e6 2. d4 d5 3. Nc3 Nf6 4. Bg5 Be7 5. e5 Nfd7 6. Bxe7 Qxe7 7. f4 a6 8. Nf3
c5 9. Qd2 Nc6 10. dxc5 Nxc5 11. Bd3 Bd7 12. O-O f5 13. exf6 gxf6 14. Rae1 Qd6
15. a3 O-O-O 16. b4 Nxd3 17. Qxd3 Qxf4 18. b5 axb5 19. Nxb5 Rhg8 20. Qc3 Kb8
21. Rb1 Qg4 22. Rf2 Rc8 23. Nd6 Rc7 24. Qxf6 Bc8 25. Ne5 Nxe5 26. Qxe5 Qg5 27.
Qd4 Qg4 28. Qb6 Rc6 29. Qxc6 1-0

[Event "NAYCC U18 w"]
[Site "Kingston CAN"]
[Date "2019.08.16"]
[Round "2.199"]
[White "Johnson, Jillian"]
[Black "Chin, Angelica"]
[Result "0-1"]
[WhiteElo "572"]
[BlackElo "1893"]
[PlyCount "52"]
[EventDate "2019.08.16"]
[EventType "swiss"]
[EventRounds "9"]
[EventCountry "CAN"]

1. e4 c5 2. d3 Nc6 3. Nc3 g6 4. Nf3 Bg7 5. Be3 d6 6. d4 cxd4 7. Nxd4 Nf6 8. Bc4
Ng4 9. Bxf7+ Kxf7 10. Qf3+ Nf6 11. O-O-O Bg4 12. Qf4 e5 13. Qg5 exd4 14. Bxd4
Bxd1 15. Rxd1 Nxd4 16. Rxd4 Re8 17. Rd3 Re5 18. Qe3 Qb6 19. Qe2 Rae8 20. Qf3
Kg8 21. Qg3 Nxe4 22. Qf4 Nxc3 23. Rxc3 Bh6 24. Rf3 Re1+ 25. Kd2 Qd4+ 26. Rd3
R8e2# 0-1

[Event "NAYCC U18 w"]
[Site "Kingston CAN"]
[Date "2019.08.16"]
[Round "2.200"]
[White "Chatterjee, Trina"]
[Black "Demchenko, Svitlana"]
[Result "1/2-1/2"]
[WhiteElo "1930"]
[BlackElo "2045"]
[PlyCount "79"]
[EventDate "2019.08.16"]
[EventType "swiss"]
[EventRounds "9"]
[EventCountry "CAN"]

1. e4 d5 2. exd5 Qxd5 3. Nc3 Qd6 4. d4 Nf6 5. Nf3 g6 6. Bd3 Nc6 7. h3 Bg7 8.
O-O a6 9. Ne2 Nb4 10. Bf4 Qd8 11. Bc4 b5 12. Bb3 Bb7 13. Ne5 O-O 14. Qd2 Nbd5
15. Bh6 Ne4 16. Qc1 e6 17. Bxg7 Kxg7 18. c3 Rc8 19. Nf4 c5 20. Nxd5 Bxd5 21.
dxc5 Nxc5 22. Bxd5 Qxd5 23. Ng4 g5 24. Rd1 Qf5 25. Qe3 h5 26. Qd4+ f6 27. Ne3
Qf4 28. Nf1 Qxd4 29. Rxd4 Na4 30. Rd6 Nxb2 31. Rxa6 Rxc3 32. Rb6 Nd3 33. Rxb5
Rc2 34. a4 Rxf2 35. Rd1 Ra2 36. Rxd3 Rxa4 37. Rb6 e5 38. Ne3 Kg6 39. Rdd6 g4
40. hxg4 1/2-1/2

[Event "NAYCC U18 w"]
[Site "Kingston CAN"]
[Date "2019.08.16"]
[Round "2.201"]
[White "Jie, Cindy"]
[Black "Lopez, Anastacia"]
[Result "1/2-1/2"]
[WhiteElo "1902"]
[BlackElo "1792"]
[PlyCount "77"]
[EventDate "2019.08.16"]
[EventType "swiss"]
[EventRounds "9"]
[EventCountry "CAN"]

1. d4 d5 2. c4 e6 3. Nf3 Nf6 4. Nc3 Be7 5. Bg5 h6 6. Bxf6 Bxf6 7. cxd5 exd5 8.
e3 c6 9. Bd3 Nd7 10. O-O O-O 11. b4 Nb6 12. Nd2 Be6 13. Qe2 Qe7 14. Rab1 Rfc8
15. a4 a6 16. Rfc1 Rc7 17. a5 Nc8 18. Na4 Nd6 19. Nb3 Re8 20. Nbc5 Bf5 21. Bxf5
Nxf5 22. Qf3 Nd6 23. h3 Qd8 24. Rc2 Nc4 25. Rd1 Rce7 26. Rd3 Bg5 27. Nb2 Nd6
28. Rd1 Nb5 29. Rf1 Qd6 30. Nbd3 Bf6 31. Qf4 Qd8 32. Qg3 Na3 33. Rcc1 Nc4 34.
Nf4 g6 35. Nh5 Bg7 36. Nxg7 Kxg7 37. Rfd1 Nd6 38. Qf3 Ne4 39. Ra1 1/2-1/2

[Event "NAYCC U18 w"]
[Site "Kingston CAN"]
[Date "2019.08.16"]
[Round "2.202"]
[White "Cao, Lucy"]
[Black "Qiao, Cindy"]
[Result "1-0"]
[WhiteElo "1704"]
[BlackElo "1822"]
[PlyCount "111"]
[EventDate "2019.08.16"]
[EventType "swiss"]
[EventRounds "9"]
[EventCountry "CAN"]

1. e4 c5 2. Nc3 Nc6 3. Bb5 Nd4 4. Nf3 Nxb5 5. Nxb5 d6 6. d4 cxd4 7. Qxd4 Nf6 8.
Qc4 Be6 9. Nc7+ Kd7 10. Nxe6 fxe6 11. Ng5 Qa5+ 12. Bd2 Qe5 13. O-O-O b5 14. Qd3
Qc5 15. Rhe1 Rc8 16. Nf7 Rg8 17. Be3 Qb4 18. e5 Nd5 19. exd6 exd6 20. Qxh7 Be7
21. Bd4 Qa4 22. Qe4 Nf4 23. c3 Qxa2 24. Qxf4 b4 25. Re2 bxc3 26. Bxc3 g5 27.
Qe3 Rc7 28. Kd2 Rf8 29. Nxg5 Qd5+ 30. Ke1 Bxg5 31. Qg3 Qc5 32. Be5 Qb4+ 33. Kf1
Bf4 34. Qg7+ Ke8 35. Qxc7 Bxe5 36. Rxe5 Rxf2+ 37. Kxf2 Qf4+ 38. Kg1 Qxe5 39.
Rf1 Qd4+ 40. Kh1 Qe5 41. Qf7+ Kd8 42. Qf8+ Kd7 43. Rf7+ Kc6 44. Qc8+ Kd5 45.
Qb7+ Kd4 46. Qxa7+ Ke4 47. Rf1 Qxb2 48. Qf2 Qb5 49. Qf3+ Kd4 50. Qf4+ Kc5 51.
Rc1+ Kd5 52. Rd1+ Kc6 53. Rxd6+ Kb7 54. Qf7+ Kc8 55. Qxe6+ Kc7 56. Qe7+ 1-0

[Event "NAYCC U18 w"]
[Site "Kingston CAN"]
[Date "2019.08.16"]
[Round "2.203"]
[White "Hunt, Fikirte"]
[Black "Karelina, Polina"]
[Result "1-0"]
[WhiteElo "1802"]
[BlackElo "1689"]
[PlyCount "67"]
[EventDate "2019.08.16"]
[EventType "swiss"]
[EventRounds "9"]
[EventCountry "CAN"]

1. Nf3 Nf6 2. d4 g6 3. g3 Bg7 4. Bg2 O-O 5. c4 d6 6. O-O Nc6 7. Nc3 e5 8. e4
Bg4 9. Be3 exd4 10. Bxd4 Nxd4 11. Qxd4 Re8 12. Qd3 Nd7 13. Nd2 Nc5 14. Qc2 a5
15. Rae1 Qd7 16. Nd5 Rad8 17. Nb3 Nxb3 18. Qxb3 c6 19. Nf4 g5 20. Nd3 h5 21. f4
Bd4+ 22. Kh1 h4 23. gxh4 gxh4 24. Nf2 a4 25. Qd3 Bxb2 26. f5 Bh5 27. Qd2 Bf6
28. Qh6 Bc3 29. Rc1 Be2 30. Rg1 Bg7 31. Qxh4 Qe7 32. f6 Bxf6 33. Bf3+ Kf8 34.
Qh6+ 1-0

[Event "NAYCC U18 w"]
[Site "Kingston CAN"]
[Date "2019.08.17"]
[Round "3.196"]
[White "Deng, Queena"]
[Black "Ehsani, Yassamin"]
[Result "0-1"]
[WhiteElo "1822"]
[BlackElo "1948"]
[PlyCount "118"]
[EventDate "2019.08.16"]
[EventType "swiss"]
[EventRounds "9"]
[EventCountry "CAN"]

1. d4 d5 2. Nf3 Nf6 3. Bf4 Bf5 4. e3 e6 5. Be2 Nbd7 6. Nbd2 Bd6 7. Ne5 Bxe5 8.
dxe5 Ng8 9. c3 Ne7 10. Nf3 Bg6 11. Nd4 a6 12. h4 c5 13. h5 cxd4 14. exd4 Bf5
15. g4 Be4 16. f3 Bxf3 17. Bxf3 Nc6 18. Qd2 Qa5 19. g5 O-O-O 20. b4 Qc7 21. Be2
Na7 22. a4 Nb6 23. b5 a5 24. c4 Nxc4 25. Bxc4 dxc4 26. O-O Kb8 27. Rac1 b6 28.
d5 Qc5+ 29. Be3 Qxd5 30. Qxd5 exd5 31. Rxf7 Nc8 32. e6 Rde8 33. Bf4+ Ka8 34.
Re1 Re7 35. g6 hxg6 36. Bg5 Ree8 37. hxg6 Rh5 38. Bf4 Re7 39. Kf2 d4 40. Rf8
Kb7 41. Rd8 d3 42. Rd7+ Ka8 43. Bd6 Rf5+ 44. Kg3 d2 45. Rd1 Rxe6 46. Rxd2 Rxg6+
47. Kh4 Rxd6 48. R2xd6 Nxd6 49. Rxd6 Kb7 50. Rd7+ Kc8 51. Rxg7 Rc5 52. Rg2 c3
53. Rc2 Rc4+ 54. Kg3 Kd7 55. Kf3 Kd6 56. Ke3 Kc5 57. Ke2 Kd4 58. Kd1 Rxa4 59.
Rh2 Ra1+ 0-1

[Event "NAYCC U18 w"]
[Site "Kingston CAN"]
[Date "2019.08.17"]
[Round "3.197"]
[White "Chin, Angelica"]
[Black "Ravishankar, Ramitha"]
[Result "1-0"]
[WhiteElo "1893"]
[BlackElo "1480"]
[PlyCount "125"]
[EventDate "2019.08.16"]
[EventType "swiss"]
[EventRounds "9"]
[EventCountry "CAN"]

1. e4 e6 2. d4 d5 3. Nd2 a6 4. c3 c5 5. Ngf3 Nf6 6. e5 Nfd7 7. Be2 b5 8. O-O c4
9. Ne1 f5 10. exf6 Nxf6 11. Ndf3 Bd6 12. Ng5 O-O 13. f4 Nc6 14. Qc2 Bd7 15. Bd1
Qe7 16. Qe2 h6 17. Ngf3 Be8 18. Ne5 Bxe5 19. fxe5 Bh5 20. Nf3 Ne4 21. Qe1 a5
22. Bc2 Bg6 23. Be3 b4 24. Nd2 Nxd2 25. Qxd2 Bxc2 26. Qxc2 Rxf1+ 27. Rxf1 Rf8
28. Rxf8+ Kxf8 29. Qa4 Qb7 30. Bd2 bxc3 31. Bxc3 Qb6 32. Qd1 Nb4 33. a3 Nd3 34.
Qe2 Ke7 35. h3 Nf4 36. Qg4 g5 37. h4 Nd3 38. hxg5 hxg5 39. Qxg5+ Kd7 40. Qd2
Nxe5 41. Bxa5 Qa7 42. Bc3 Nd3 43. Qh6 Qb6 44. Qh7+ Kc8 45. g4 Qd6 46. Qh2 Qe7
47. Qe2 Kd7 48. Qf3 Qd8 49. Qf7+ Kd6 50. Qh5 Qf6 51. Qh2+ Kd7 52. Qe2 Qg7 53.
Qf3 Qg5 54. Qf7+ Kd6 55. Qf8+ Kd7 56. Qf3 Qg7 57. a4 Qg5 58. a5 Qc1+ 59. Kh2
Nxb2 60. Qf7+ Kc6 61. Qxe6+ Kb5 62. Qb6+ Ka4 63. Qb4# 1-0

[Event "NAYCC U18 w"]
[Site "Kingston CAN"]
[Date "2019.08.17"]
[Round "3.198"]
[White "Chen, Minda"]
[Black "Cao, Lucy"]
[Result "1-0"]
[WhiteElo "1944"]
[BlackElo "1704"]
[PlyCount "117"]
[EventDate "2019.08.16"]
[EventType "swiss"]
[EventRounds "9"]
[EventCountry "CAN"]

1. d4 d5 2. c4 c6 3. Nc3 Nf6 4. Nf3 a6 5. a4 e6 6. Bg5 Bb4 7. Nd2 Nbd7 8. Qc2
Qc7 9. e3 b6 10. cxd5 exd5 11. Be2 O-O 12. Bf4 Bd6 13. Bxd6 Qxd6 14. a5 c5 15.
Nf3 bxa5 16. Rxa5 Qb6 17. Ra3 c4 18. O-O Qd6 19. Rfa1 Nb6 20. b3 cxb3 21. Rxb3
Re8 22. Ne5 Nc4 23. Bxc4 dxc4 24. Nxc4 Qc7 25. Ne5 Be6 26. Rba3 Rec8 27. Qd2
Nd5 28. Ne4 Qc2 29. Qxc2 Rxc2 30. h3 f6 31. Nd3 Rb8 32. Rxa6 Bf5 33. Ra8 Rcc8
34. Rxb8 Rxb8 35. Nec5 Nc3 36. Kh2 Ne4 37. Ra7 Nxc5 38. Nxc5 Rb2 39. Kg3 h5 40.
e4 Bg6 41. h4 Rd2 42. Ra4 Be8 43. Rb4 g5 44. hxg5 fxg5 45. Kf3 g4+ 46. Ke3 Rc2
47. g3 Rc3+ 48. Nd3 Bg6 49. d5 Rc7 50. Kd4 Rd7 51. Ne5 Rd6 52. Nxg6 Rxg6 53. e5
Ra6 54. Rb2 Kf8 55. e6 Ke7 56. Ke5 Ra5 57. Rb7+ Ke8 58. Kf6 Ra8 59. Rh7 1-0

[Event "NAYCC U18 w"]
[Site "Kingston CAN"]
[Date "2019.08.17"]
[Round "3.199"]
[White "Peng, Sarah"]
[Black "Chatterjee, Trina"]
[Result "1-0"]
[WhiteElo "1590"]
[BlackElo "1930"]
[PlyCount "69"]
[EventDate "2019.08.16"]
[EventType "swiss"]
[EventRounds "9"]
[EventCountry "CAN"]

1. e4 c5 2. Nf3 e6 3. Nc3 Nc6 4. Bb5 d6 5. Bxc6+ bxc6 6. d3 Nf6 7. Bg5 Be7 8.
Ne2 Rb8 9. Qc1 O-O 10. O-O Qc7 11. Ng3 Re8 12. h3 Qb6 13. b3 a5 14. Nh2 Nd7 15.
Be3 Bf6 16. c3 a4 17. Rb1 Ba6 18. Rd1 d5 19. Bg5 axb3 20. Bxf6 Nxf6 21. e5 Nd7
22. Rxb3 Qc7 23. Ra3 Bb7 24. d4 Ra8 25. Rxa8 Rxa8 26. Qg5 f6 27. Qg4 f5 28. Qg5
Qd8 29. Qd2 cxd4 30. cxd4 c5 31. Rb1 Ba6 32. dxc5 Nxc5 33. Qd4 Qe7 34. Nxf5
exf5 35. Qxd5+ 1-0

[Event "NAYCC U18 w"]
[Site "Kingston CAN"]
[Date "2019.08.17"]
[Round "3.200"]
[White "Liu, Kimberly"]
[Black "Johnson, Jillian"]
[Result "1-0"]
[WhiteElo "1903"]
[BlackElo "572"]
[PlyCount "59"]
[EventDate "2019.08.16"]
[EventType "swiss"]
[EventRounds "9"]
[EventCountry "CAN"]

1. e4 e5 2. Nf3 Nc6 3. d4 d6 4. Bb5 Bd7 5. Nc3 Nf6 6. O-O Qe7 7. Bg5 h6 8. Nd5
Qd8 9. dxe5 dxe5 10. Bxc6 bxc6 11. Nxf6+ gxf6 12. Bh4 Qe7 13. Qd3 Qe6 14. Rad1
Rd8 15. Bg3 h5 16. Nh4 Rg8 17. Nf5 Qxa2 18. Ra1 Qxb2 19. Rfb1 Ba3 20. Rxb2 Bxb2
21. Rd1 c5 22. Qb3 Bd4 23. c3 Be6 24. Qa4+ Bd7 25. Qc2 Bxc3 26. Qxc3 Rg4 27. f3
Rxg3 28. hxg3 Rb8 29. Qxc5 Ba4 30. Qe7# 1-0

[Event "NAYCC U18 w"]
[Site "Kingston CAN"]
[Date "2019.08.17"]
[Round "3.201"]
[White "Lopez, Anastacia"]
[Black "Hunt, Fikirte"]
[Result "1/2-1/2"]
[WhiteElo "1792"]
[BlackElo "1802"]
[PlyCount "102"]
[EventDate "2019.08.16"]
[EventType "swiss"]
[EventRounds "9"]
[EventCountry "CAN"]

1. d4 Nf6 2. Nf3 g6 3. Bg5 Ne4 4. Nbd2 Nxg5 5. Nxg5 Bg7 6. e3 d5 7. Ngf3 c5 8.
c3 Qb6 9. Qb3 c4 10. Qxb6 axb6 11. Be2 O-O 12. O-O b5 13. a3 Nd7 14. b3 Nb6 15.
a4 bxa4 16. bxc4 dxc4 17. Nxc4 Nxc4 18. Bxc4 Bd7 19. Rfb1 Rfc8 20. Nd2 b5 21.
Bxb5 Bxb5 22. Rxb5 Rxc3 23. g3 e6 24. Ra2 Bf8 25. Ne4 Rc1+ 26. Kg2 a3 27. Rb3
Kg7 28. Nc5 e5 29. Nd3 Rcc8 30. Nc5 exd4 31. exd4 Rd8 32. Rbxa3 Rxa3 33. Rxa3
Rxd4 34. Rc3 Rd5 35. Nd3 Rd7 36. Ne5 Rb7 37. Rc2 Bd6 38. Nf3 Be7 39. h3 h6 40.
Nd4 Bf6 41. Ne2 Rd7 42. g4 Be7 43. Ng1 Bg5 44. Nf3 Bf4 45. Rc4 Bc7 46. Rc2 Re7
47. Nd4 Bb6 48. Ne2 Bc7 49. Ng3 Bd6 50. Re2 Rc7 51. Ra2 Be5 1/2-1/2

[Event "NAYCC U18 w"]
[Site "Kingston CAN"]
[Date "2019.08.17"]
[Round "3.202"]
[White "Demchenko, Svitlana"]
[Black "Jie, Cindy"]
[Result "1-0"]
[WhiteElo "2045"]
[BlackElo "1902"]
[PlyCount "69"]
[EventDate "2019.08.16"]
[EventType "swiss"]
[EventRounds "9"]
[EventCountry "CAN"]

1. e4 e5 2. Nf3 Nc6 3. d4 exd4 4. Bc4 Nf6 5. e5 d5 6. Bb5 Nd7 7. Bxc6 bxc6 8.
Nxd4 Nb8 9. O-O Be7 10. Nc3 c5 11. Nde2 c6 12. Ng3 O-O 13. f4 f6 14. Bd2 Na6
15. Kh1 Rb8 16. b3 Nc7 17. Na4 Na8 18. Qe2 fxe5 19. fxe5 Be6 20. Rxf8+ Bxf8 21.
Qf2 Qe7 22. Nb2 Nb6 23. Nd3 Nd7 24. Re1 g6 25. Be3 Re8 26. Qd2 Qg7 27. Qa5 d4
28. Bf4 c4 29. bxc4 Bxc4 30. Qxa7 Bxd3 31. cxd3 Nc5 32. Qb6 Qf7 33. Rf1 Qxa2
34. Qxc6 Nxd3 35. Qxe8 1-0